Word Ladder: The Lion King Quiz Stats

 Plays Quiz Updated Mar 24, 2018

Score 0/18 Timer 02:00
0 Plays Today
Clue 4-Letter Word % Correct
♫ Hakuna Matata! ___ a wonderful phrase ♫• WHAT •
96.3%
♫ It means no worries, for the ___ of your days ♫• REST •
95.8%
Wife of uncleAUNT
93.2%
ExamTEST
92.8%
♫ Hakuna Matata! ___ no passing craze ♫• AIN'T •
92.6%
Tenant's regular payment to landlordRENT
90.6%
Breathe like a dogPANT
90.6%
Camp shelterTENT
90.6%
Smallest animal in a litterRUNT
90.1%
Clue 4-Letter Word % Correct
DesireWANT
89.5%
Beer measurePINT
89.4%
Not straightBENT
87.9%
Measures of twelve inchesFEET
85.6%
♫ It’s our problem -___ philosophy. Hakuna Matata! ♫• FREE •
84.8%
Red salad vegetableBEET
84.2%
Bide one’s timeWAIT
80.7%
Worry or guitar ridgeFRET
78.6%
A very small part or amountWHIT
72.1%

Today's Daily Dose

You're not logged in!

Compare scores with friends on all Sporcle quizzes.
OR
Log In

Sporcle TV

Today on Sporcle TV


Watch our educational content, quiz creation guides, and fun videos on Sporcle TV.

Show Comments

Extras

Top Quizzes Today


Score Distribution

Your Account Isn't Verified!

In order to create a playlist on Sporcle, you need to verify the email address you used during registration. Go to your Sporcle Settings to finish the process.

Report this User

Report this user for behavior that violates our Community Guidelines.

Details: